Corporate occupiers' handbook (Record no. 107699)

MARC details
000 -LEADER
fixed length control field 01521cam a22002775a 4500
001 - CONTROL NUMBER
control field L141556
008 - FIXED-LENGTH DATA ELEMENTS--GENERAL INFORMATION
fixed length control field 071130s2007 xxk f 001 0 eng d
020 ## - INTERNATIONAL STANDARD BOOK NUMBER
International Standard Book Number 9780728205116
035 ## - SYSTEM CONTROL NUMBER
System control number (Sirsi) u141556
041 0# - LANGUAGE CODE
Language code of text/sound track or separate title eng
050 04 - LIBRARY OF CONGRESS CALL NUMBER
Classification number 346.4104343 $2 18
100 1# - MAIN ENTRY--PERSONAL NAME
Personal name Cooke, Howard
245 00 - TITLE STATEMENT
Title Corporate occupiers' handbook
260 ## - PUBLICATION, DISTRIBUTION, ETC.
Place of publication, distribution, etc. London
Name of publisher, distributor, etc. EG
Date of publication, distribution, etc. 2007
300 ## - PHYSICAL DESCRIPTION
Extent xxix, 443p.
Dimensions 25cm.
350 ## - PRICE (NR) (BK AM CF MU VM SE) [OBSOLETE]
Price 47.49
505 2# - FORMATTED CONTENTS NOTE
Formatted contents note The business decision -- Portfolio issues -- Occupation - negotiations and legal agreement -- Service charge -- Dealings -- Tenants' alteration and user -- Rent review -- Rent arrears -- Tenant insolvency -- Contingent liability -- Termination -- Operating break clauses -- Lease renewals -- Dilapidations - the principles -- Practical approach to dilapidations
520 ## - SUMMARY, ETC.
Summary, etc. A guide for occupiers of commercial property as well as their professional advisors and students or landlords learning about the decision-making process of corporate occupiers. The book covers the life cycle of a lease, starting with the business decision to take a new property. Covers negotiations and legal agreement; service charges; dealings, tenant alterations and user; rent reviews; rent arrears; break clauses; lease renewals; dilapidations and property strategy.
521 2# - TARGET AUDIENCE NOTE
Target audience note Advanced
590 ## - LOCAL NOTE (RLIN)
Local note KA
650 24 - SUBJECT ADDED ENTRY--TOPICAL TERM
Topical term or geographic name entry element OCCUPIERS SATISFACTION
651 #4 - SUBJECT ADDED ENTRY--GEOGRAPHIC NAME
Geographic name United Kingdom
Chronological subdivision
690 ## - LOCAL SUBJECT ADDED ENTRY--TOPICAL TERM (OCLC, RLIN)
Topical term or geographic name as entry element PROPERTY-COMMERCIAL PROPERTY-COMMERCIAL LANDLORD AND TENANT
700 1# - ADDED ENTRY--PERSONAL NAME
Personal name Woodhead, Simon
942 ## - ADDED ENTRY ELEMENTS (KOHA)
Suppress in OPAC 0
Holdings
Withdrawn status Lost status Source of classification or shelving scheme Damaged status Not for loan Home library Current library Shelving location Date acquired Cost, normal purchase price Total Checkouts Full call number Barcode Date last seen Date last checked out Copy number Cost, replacement price Price effective from Koha item type
    Dewey Decimal Classification     London London Books 07/01/2008 49.99 13 346.4104343 COO 30074568 06/08/2019 18/12/2009 1 49.99 06/08/2019 Book
    Dewey Decimal Classification     London London Books 07/01/2008 49.99 12 346.4104343 COO 30074572 06/08/2019 30/09/2009 2 49.99 06/08/2019 Book